Destrucción. La verdad sobre la sublevación de la Escuadra

Uloženo v:
Podrobná bibliografie
Hlavní autor: Nazaré, Jacobo (autor)
Médium: Kniha
Jazyk:španělština
Vydáno: Valparaíso Europa 1932
Vydání:1a. ed
Témata:
Tagy: Přidat tag
Žádné tagy, Buďte první, kdo vytvoří štítek k tomuto záznamu!

MARC

LEADER 00000nam a2200000 a 4500
001 UCJ4532
003 CL-VaPUC
008 070124e19320000CL |||||||||||||||||spa|d
082 0 4 |a Ch863  |b NAZ  |2 21 
100 |a Nazaré, Jacobo  |e autor  |9 508472 
245 1 0 |a Destrucción. La verdad sobre la sublevación de la Escuadra 
250 |a 1a. ed 
300 |a 124 p 
942 |c BK 
945 |d 20070124 00:00:00  |a rinostro 
260 |a Valparaíso  |b Europa  |c 1932 
500 |a Jacobo Nazaré es pseudónimo de Luis Barriga 
500 |a Novela basada en la sublevación de la Escuadra en agosto de 1931 
600 0 |a Armada de Chile  |9 340497 
650 0 |a Novelas chilenas   |9 265425 
650 7 |a NOVELA HISTORICA  |2 CL-VaPUC  |9 315497 
650 7 |a SUBLEVACIÓN DE LA ESCUADRA EN 1931  |2 CL-VaPUC  |9 508473 
583 |a last modification  |c 20131003 03:43:50  |k Rodrigo Vera 
999 |c 320648  |d 320646 
952 |0 0  |1 0  |4 0  |6 CH_863_000000000000000_NAZ_1932  |7 0  |8 X  |9 399205  |a FDOBUD  |b FDOBUD  |d 2019-11-22  |i 102051K  |o Ch863 NAZ 1932  |p 102051K  |r 2019-11-22  |w 2019-11-22  |y BK_X  |k BUD